Zawodnicy Unii Leszno (żużel) w latach 2011-2024 - Statystyki

Ogólne statystyki
  • Ten quiz został rozwiązany 325 razy
  • Średni wynik to 26 z 44
Statystyki odpowiedzi
Podpowiedź Odpowiedź % Poprawnych
Polska 2011, 2017-2024 Janusz Kołodziej
97%
Polska 2013-2017, 2023-2024 Grzegorz Zengota
91%
Polska 2012-2022 Piotr Pawlicki
91%
Polska 2012-2015 Przemysław Pawlicki
91%
Polska 2015-2020 Dominik Kubera
87%
Polska 2014-2020, 2023-2024 Bartosz Smektała
86%
Ukraina 2023-2024 Nazar Parnicki
85%
Polska 2022-2024 Antoni Mencel
82%
Polska 2011-2012, 2018-2019 Jarosław Hampel
82%
Łotwa 2024 Andrzej Lebiediew
81%
Dania 2014-2017 Nicki Pedersen
81%
Polska 2021-2024 Damian Ratajczak
79%
Francja 2022 David Bellego
79%
Rosja 2015-2021 Emil Sajfutdinow
78%
Australia 2018-2023 Jaimon Lidsey
77%
Australia 2022, 2024 Keynan Rew
75%
Australia 2021-2022 Jason Doyle
74%
Australia 2024 Ben Cook
73%
Chorwacja 2011-2012 Jurica Pavlic
70%
Australia 2018-2020 Brady Kurtz
68%
Szwecja 2013 Fredrik Lindgren
66%
Australia 2023 Chris Holder
59%
Polska 2022-2024 Hubert Jabłoński
58%
Polska 2011 Sławomir Musielak
55%
Polska 2011-2016 Tobiasz Musielak
55%
Polska 2011-2014 Damian Baliński
53%
Polska 2020-2021 Kacper Pludra
50%
Dania 2013-2014 Mikkel Michelsen
49%
Dania 2016-2017 Peter Kildemand
49%
Dania 2013-2014 Kenneth Bjerre
48%
Polska 2018, 2020-2021 Szymon Szlauderbach
44%
Australia 2011-2012 Troy Batchelor
44%
Polska 2023 Adrian Miedziński
39%
Szwecja 2015 Thomas Jonasson
36%
Polska 2022 Maksym Borowiak
30%
Polska 2021 Krzysztof Sadurski
28%
Polska 2011, 2013 Marcin Nowak
28%
Polska 2016 Daniel Kaczmarek
27%
Polska 2011-2012 Kamil Adamczewski
25%
Polska 2017 Wiktor Lis
25%
Australia 2023 Maurice Brown
21%
Polska 2011 Adam Skórnicki
20%
Wielka Brytania 2011 Edward Kennett
16%
Polska 2011 Paweł Urbański
7%
Nie znaleziono quizów pasujących do podanych kryteriów
Rozkład punktacji
Procent ludzi z każdym wynikiem
Percentyl według liczby udzielonych odpowiedzi
Twoja historia wyników
Nie rozwiązałeś tego quizu